Rozhodovanie súdov v oblasti transferového oceňovania

Východiská pre analýzu práva transferového oceňovania a základné pojmy. Pramene práva transferového oceňovania a ich záväznosť. Slovenská a česká judikatúra v oblasti transferového oceňovania. Judikatúra Súdneho dvora EÚ v oblasti transferového oceňovania.

Salvato in:
Dettagli Bibliografici
Autore principale: Kováč, Branislav, 1976-
Natura: Capitolo di libro
Lingua:slovacco
Soggetti:
Tags: Aggiungi Tag
Nessun Tag, puoi essere il primo ad aggiungerne!!

MARC

LEADER 00000naa$a2200000$$$4500
001 0262171
005 20240502074154.4
041 0 |a slo 
044 |a SK 
245 1 0 |a Rozhodovanie súdov v oblasti transferového oceňovania  |c Branislav Kováč 
520 |a Východiská pre analýzu práva transferového oceňovania a základné pojmy. Pramene práva transferového oceňovania a ich záväznosť. Slovenská a česká judikatúra v oblasti transferového oceňovania. Judikatúra Súdneho dvora EÚ v oblasti transferového oceňovania. 
610 2 0 |a oceňovanie transferové 
610 2 0 |a predpisy právne 
610 2 0 |a zákony 
610 2 0 |a smernice 
610 2 0 |a súdy 
100 1 |a Kováč, Branislav, 1976-